000 00349nam a2200133Ia 4500
008 240624s9999 xx 000 0 und d
041 _aeng
082 _a658.4038011 JOS
100 _aJOSHI SHIVANI
245 _aMANAGEMENT INFORMATION SYSTEM
260 _c2011
_aNew Delhi
_bCentrum Press
300 _avii, : 296 : p. : cm. ; 22
365 _cRS
_b20
999 _c16124
_d16124